Pulsar astronomy (Record no. 18307)

MARC details
000 -LEADER
fixed length control field 00676nam a2200229Ia 4500
003 - CONTROL NUMBER IDENTIFIER
control field IN-BaIIA
008 - FIXED-LENGTH DATA ELEMENTS--GENERAL INFORMATION
fixed length control field 211028s9999 xx 000 0 eng d
020 ## - INTERNATIONAL STANDARD BOOK NUMBER
International Standard Book Number 978-1-107-01014-7
040 ## - CATALOGING SOURCE
Transcribing agency IIA Library
080 ## - UNIVERSAL DECIMAL CLASSIFICATION NUMBER
Universal Decimal Classification number 524.354.4
Item number LYN
100 ## - MAIN ENTRY--PERSONAL NAME
Personal name Lyne, Andrew
9 (RLIN) 35040
245 #0 - TITLE STATEMENT
Title Pulsar astronomy
Statement of responsibility, etc. Andrew Lyne and F. Graham-Smith
250 ## - EDITION STATEMENT
Edition statement 4th ed.
260 ## - PUBLICATION, DISTRIBUTION, ETC.
Place of publication, distribution, etc. Cambridge
Name of publisher, distributor, etc. Cambridge University Press
Date of publication, distribution, etc. 2012
300 ## - PHYSICAL DESCRIPTION
Extent xxvii, 345p.
490 ## - SERIES STATEMENT
Series statement Cambridge astrophysics series; v. 48
650 ## - SUBJECT ADDED ENTRY--TOPICAL TERM
Topical term or geographic name entry element Neutran stars
9 (RLIN) 21931
650 ## - SUBJECT ADDED ENTRY--TOPICAL TERM
Topical term or geographic name entry element Pulsar astronomy
9 (RLIN) 21932
650 ## - SUBJECT ADDED ENTRY--TOPICAL TERM
Topical term or geographic name entry element Telescope- techniques
9 (RLIN) 21933
700 ## - ADDED ENTRY--PERSONAL NAME
Personal name Graham-Smith, Francis
9 (RLIN) 35041
942 ## - ADDED ENTRY ELEMENTS (KOHA)
Koha item type Books
Holdings
Withdrawn status Lost status Damaged status Not for loan Home library Current library Shelving location Date acquired Source of acquisition Cost, normal purchase price Total Checkouts Full call number Barcode Date last seen Date last checked out Cost, replacement price Price effective from Koha item type Purchase Price
        IIA Library-Bangalore IIA Library-Bangalore General Stacks 27/06/2012 ANJ 7383.00 2 524.354.4/ LYN 19229 12/11/2025 27/05/2025 7383.00 27/06/2012 Books Rs. 7383.00

Powered by Koha